Logo CIB grande

NORMAS INTERNACIONALES DE INFORMACION FINANCIERA(NIIF) (Registro nro. 227240)

Detalles MARC
000 -LEADER
campo de control de longitud fija 00807nam a2200241Ia 4500
005 - FECHA Y HORA DE LA ÚLTIMA TRANSACCIÓN
campo de control 20250425162335.0
008 - DATOS DE LONGITUD FIJA--INFORMACIÓN GENERAL
campo de control de longitud fija 250425s9999 xx 000 0 und d
020 ## - NÚMERO INTERNACIONAL ESTÁNDAR DEL LIBRO
Número Internacional Estándar del Libro 1905590113
041 ## - CÓDIGO DE IDIOMA
Código de lengua del texto/banda sonora o título independiente spa
082 ## - NÚMERO DE LA CLASIFICACIÓN DECIMAL DEWEY
Número de clasificación 657.32
010 ## - NÚMERO DE CONTROL DE LA BIBLIOTECA DEL CONGRESO
Número de control de LC 63951
100 ## - ENTRADA PRINCIPAL--NOMBRE DE PERSONA
Nombre de persona INTERNATIONAL ACCOUNTING STANDARDS, BOARD
245 #0 - MENCIÓN DEL TÍTULO
Título NORMAS INTERNACIONALES DE INFORMACION FINANCIERA(NIIF)
250 ## - MENCION DE EDICION
Mención de edición 1A ED.
260 ## - PUBLICACIÓN, DISTRIBUCIÓN, ETC.
Lugar de publicación, distribución, etc. LONDON
260 ## - PUBLICACIÓN, DISTRIBUCIÓN, ETC.
Lugar de publicación, distribución, etc. Reino Unido
Nombre del editor, distribuidor, etc. INTERNATIONAL ACCOUNTING STANDARDS BOARD
Fecha de publicación, distribución, etc. 2006
300 ## - DESCRIPCIÓN FÍSICA
Extensión 1972
500 ## - NOTA GENERAL
Nota general DONDE TAMBIEN SE INCLUYEN LAS NORMAS INTERNACIONALES DE CONTABILIDAD (NIC) Y SUS INTERPRETACIONES HASTA EL 1 DE ENERO DE 2006
650 ## - PUNTO DE ACCESO ADICIONAL DE MATERIA--TÉRMINO DE MATERIA
Término de materia o nombre geográfico como elemento de entrada INTERPRETACION
650 ## - PUNTO DE ACCESO ADICIONAL DE MATERIA--TÉRMINO DE MATERIA
Término de materia o nombre geográfico como elemento de entrada NORMAS INTERNACIONALES DE CONTABILIDAD
710 ## - ENTRADA AGREGADA--NOMBRE DE ENTIDAD CORPORATIVA
Nombre de entidad corporativa o nombre de jurisdicción como elemento de entrada INTERNATIONAL ACCOUNTING STANDARDS BOARD
942 ## - ELEMENTOS DE ENTRADA SECUNDARIOS (KOHA)
Tipo de ítem Koha Libros
Existencias
Estatus retirado Estado de pérdida Estado de daño No para préstamo Biblioteca de origen Biblioteca actual Ubicación en estantería Fecha de adquisición Coste, precio normal de compra Total de préstamos Código de barras Copia número Nota pública
        ESCUELA DE NEGOCIOS ESCUELA DE NEGOCIOS   15/04/2008 190.00   CP-13220 1 COMPRA

Copyright 2025 ESPOL. Todos los derechos reservados.